| 000 | 00684nam a2200229Ia 4500 | ||
|---|---|---|---|
| 005 | 20241216011100.0 | ||
| 008 | 190212s9999||||xx |||||||||||||| ||und|| | ||
| 020 | _a84 -8088-325 - | ||
| 082 |
_a658.401 _bD96 |
||
| 100 | _aDRUDIS, ANTONIO | ||
| 245 | 0 |
_aGESTION DE PROYECTOS _bCOMO PLANIFICARLOS, ORGANIZARLOS Y DIRIGIRLOS |
|
| 250 | _a2 | ||
| 260 |
_aBARCELONA-ESPAÑA _bGESTION 2000 _c1999 |
||
| 300 |
_a193 pag _c23 cm |
||
| 341 | _h92 | ||
| 490 |
_v0 _a0 |
||
| 505 | _aPLANIFICACION ESTRATEGICA-METODOS GESTION PROYECTOS-CONTROL | ||
| 541 |
_aC _bLIBRERIA SAN CRISTOBAL _d29-Sep-00 _oSoles |
||
| 650 | _aCIENCIAS APLICADAS | ||
| 856 | _zCiencias Aplicadas | ||
| 942 | _cLIBRO | ||
| 999 |
_c32157 _d32157 |
||